MDQL
is popping MORE tags! Check the
thread
!
Quizzes
Events
Quiz Creation
Community
Videos
Private Events
Remove Ads
Sign In
Join for FREE
Feedback
Dark Mode
Quiz Categories
Sports
Geography
Music
Movies
Television
Just For Fun
Miscellaneous
History
Literature
Language
Science
Gaming
Entertainment
Religion
Holiday
For Kids
Quiz Lab
Recent
Popular Today
Quiz Kudos Today
Editor Picks
Curator Picks
Quizzes by...
Day
Popularity
Type
Ratings
Length
Year
Community
Subscriptions
Recent Discussions
Orange Saloon
Badges
Playlists
Quests
Create
Leaderboards
Showdown
Live 5
Trivia Bingo
Activity
Puzzle Library
Sporcle Events
Private Events
Virtual Trivia
Globe League
Become a Host
Pub Owners
SporcleCon
Opinionation
Our Games
Videos
Blog
Mobile Apps
Partnerships
Remove Ads and Go Orange
Feedback
Sports
Athletes
MLB
NBA
NHL
NFL
Soccer
Sports Teams
WWE
NCAA
Football
Premier League
Basketball
Baseball
Hockey
Golf
Tennis
Cricket
Rugby
Auto Racing
Olympics
World Cup
Sports
Athletes
MLB
NBA
NHL
NFL
Soccer
Sports Teams
WWE
NCAA
Football
Premier League
Basketball
Baseball
Hockey
Golf
Tennis
Cricket
Rugby
Auto Racing
Olympics
World Cup
Random Quiz
Search Sporcle
×
Quiz Lab
Quiz Lab
Sports
NBA
Type in answers that appear in a list
Type in answers that appear in a list
Classic
Best Score? Go Orange.
Name The Last All Star For Each NBA Team Stats
Name The Last All Star For Each NBA Team
By
eliascruz267
10m
30 Questions
119 Plays
119 Plays
119 Plays
Comments
Comments
Give Quiz Kudos
Give Quiz Kudos
-
- Ratings
hide this ad
Replay
Link that replays current quiz
Next Quiz
Link to next quiz in quiz playlist
You Got
0%
They Got
Avg Score
88%
Avg Friend Score
Upgrade to see
Score Distribution
Jump to the score distribution portion of the page
Score
0/30
Timer
10:00
0
Plays Today
Hint
Answer
% Correct
Cavaliers-
2017
LeBron James
98.3%
Warriors -
2017
Stephen Curry
96.6%
Thunder-
2017
Russell Westbrook
95.8%
Heat-
2016
Dwyane Wade
95%
Knicks-
2016
Carmelo Anthony
94.1%
Nuggets -
2011
Carmelo Anthony
94.1%
Raptors-
2017
Kyle Lowry
93.3%
Wizards -
2017
John Wall
93.3%
Rockets-
2017
James Harden
93.3%
Pacers-
2017
Paul George
92.4%
Pistons-
2016
Andre Drummond
90.8%
Hornets-
2017
Kemba Walker
90.8%
Mavericks -
2014
Dirk Nowitzki
90.8%
Lakers-
2016
Kobe Bryant
90.8%
Grizzlies-
2017
Marc Gasol
90.8%
Hint
Answer
% Correct
Pelicans-
2017
Anthony Davis
90.8%
Spurs-
2017
Kawhi Leonard
89.9%
Trailblazers-
2015
Damian Lillard
89.9%
Clippers-
2017
DeAndre Jordan
89.9%
Kings-
2017
DeMarcus Cousins
89.9%
Celtics-
2016
Isaiah Thomas
89.1%
Bulls-
2017
Jimmy Butler
89.1%
Magic -
2012
Dwight Howard
88.2%
Jazz-
2017
Gordon Hayward
84%
Hawks -
2017
Paul Millsap
82.4%
Suns-
2012
Steve Nash
81.5%
Bucks-
2017
Giannis Antetokounmpo
79%
Timberwolves-
2102
Kevin Love
72.3%
76ers-
2013
Jrue Holiday
65.5%
Nets-
2014
Joe Johnson
60.5%
Quiz Playlist
Details
Report
Send in Message
Add To Playlist
Classic:
Type in answers that appear in a list
Last Updated: Jul 23, 2017
Quiz Scoreboard
CHALLENGE
Sign Up to Join the Scoreboard
Show All
Scores
Hide
Comments
May contain spoilers
Recently Published
Colored Red Africa Blitz
by spor1
Geography
30s
Find the 'City' Movie
by crazypaving
Movies
60s
5x2 Blitz: Bands
by SL_Kpop136
Music
30s
More to Explore
Quiz From the Vault
Featured Blog Post
14 Easter Pick-up Lines to Find Eggs With
hide this ad
You Might Also Like...
Tags
NBA Quiz
last
star
team
Today's Top Quizzes in Sports
Browse Sports
hide this ad
Today's Top Quizzes in NBA
Browse NBA
Top Contributed Quizzes in Sports
1
Les entraîneurs de l'OM et du PSG au 21e siècle
2
Les meilleurs buteurs des matchs entre le PSG et l’OM
3
Les joueurs passés par le PSG et l'OM
4
Players with Multiple 50 Home Run Seasons
5
2022 World Cup Stars
6
Criteria MLB: Left Handed Sluggers
7
NBA Logic Puzzle 2.0
8
MLB Players with Two .350 Batting Average Seasons
9
Top 10 NHL Goal Scorers of All Time
10
Les joueurs passés par le LOSC et le RC Lens
Explore More
Trending Topics
Anime
Harry Potter
Kpop
Disney
Marvel
NBA
Crossword
Pokémon
NFL
Puzzle
Soccer
The Office
WWE
Song
Country
hide this ad
More By:
eliascruz267
Quiz
Plays
Rating
Category
Featured
Created
Name The Serial Killer
872
1.00
History
Sep 2, 2016
Can You Name This NBA Hall Of Famer ?
225
2.33
Sports
Sep 2, 2016
Can you name this politician?
128
2.00
History
Sep 2, 2016
Name The Last All Star For Each NBA Team
119
2.25
Sports
Jan 27, 2017
Name NBA Player By Jersey ?
119
Sports
Jan 7, 2017
Go to Creator's Profile
Score Distribution
Quiz Creator Spotlight
eliascruz267
Follow
Send a Message
Quizzes Created
-
Created Quiz Play Count
-
More By This Creator
Popular Quizzes Today
1
Colored Red Africa Blitz
2
Find the 'City' Movie
3
5x2 Blitz: Bands
4
Find the US States - No Outlines Minefield
5
The Countries of the World
6
Find the US States
7
US States
8
Find the Countries of Europe - No Outlines Minefield
More Sports Quizzes
Long Big 4 Teams
Published
Trending Quizzes
Colored Red Europe Blitz I
Colored Red Europe Blitz II
Colored Red Africa Blitz II
Colored Red Europe Blitz III
Colored Red Africa Blitz III
Recently Updated
How Do You Spell That?
pecheneg
Godzilla Movies
pecheneg
Grab Bag: 4-10 Letters
pecheneg
2024 March Madness Bracket
pecheneg
Famous TV Couples
Peacemaker
Champions League XIs: Real Madrid
pecheneg
Largest US Cities 1790-2010
pecheneg
Rides in Walt Disney World
pecheneg
Most Oscar Losses (Acting)
pecheneg
Beyoncé Albums
pecheneg
Trending Topics
Anime
Disney
Harry Potter
Kpop
NBA
Crossword
Marvel
Country
Pokémon
NFL
Soccer
Puzzle
WWE
Song
The Office
Your Account Isn't Verified!
In order to create a playlist on Sporcle, you need to verify the email address you used during registration. Go to your
Sporcle Settings
to finish the process.
Report this User
Report this user for behavior that violates our
Community Guidelines
.
Details:
Send Report
Go to the Sporcle.com Mobile Site →
Comments